[Event "Pardubice Czech op-D 29th"]
[Site "Pardubice"]
[Date "2018.07.26"]
[Round "7"]
[White "Starenkyi, Pavlo"]
[Black "Bilau, Max"]
[Result "1-0"]
[WhiteElo "1396"]
[BlackElo "1550"]
[PlyCount "120"]
[EventDate "2018.07.21"]
[EventType "swiss"]
[EventRounds "9"]
[EventCountry "CZE"]
[SourceTitle "CBM 186 Extra"]
[Source "ChessBase"]
[SourceDate "2018.08.24"]
[SourceVersion "1"]
[SourceVersionDate "2018.08.24"]
[SourceQuality "1"]

1. d4 c5 2. Nf3 cxd4 3. Nxd4 Nc6 4. e4 g6 5. Nxc6 dxc6 6. Qxd8+ Kxd8 7. Bc4 Nf6 8. f3 Bg7 9. c3 b5 10. Bb3 e5 11. Bxf7 Ke7 12. Bb3 Be6 13. Nd2 c5 14. Bxe6 Kxe6 15. c4 b4 16. Nb3 Nd7 17. Be3 Bf8 18. Rd1 Be7 19. Rd5 Rac8 20. Ke2 Nb6 21. Nxc5+ Bxc5 22. Rxc5 Rxc5 23. Bxc5 Nxc4 24. b3 Rc8 25. Bxb4 Nb6 26. Rd1 Rc2+ 27. Rd2 Rc1 28. Rd6+ Kf7 29. Rd2 Ke6 30. Ke3 Re1+ 31. Re2 Rh1 32. h3 Rc1 33. Kd3 Rd1+ 34. Rd2 Rc1 35. Bc3 Nd7 36. b4 Nb6 37. Rc2 Rd1+ 38. Bd2 Rg1 39. Bc1 Rd1+ 40. Ke2 Rg1 41. Kf2 Rd1 42. Bd2 Kd6 43. Bc1 Ke6 44. Ke2 Rg1 45. Kd3 Rd1+ 46. Kc3 Rd7 47. Bd2 Rc7+ 48. Kb3 Rd7 49. Rc6+ Kf7 50. Be3 Rd3+ 51. Rc3 Rd1 52. Bxb6 axb6 53. Rc7+ Ke6 54. Rc6+ Rd6 55. Rxd6+ Kxd6 56. Kc4 Kc6 57. a4 g5 58. a5 bxa5 59. bxa5 h5 60. a6 g4 1-0

[Event "Pardubice Czech op-C 28th"]
[Site "Pardubice"]
[Date "2017.07.22"]
[Round "1"]
[White "Reznicek, Dominik"]
[Black "Bilau, Max"]
[Result "1-0"]
[WhiteElo "2099"]
[BlackElo "1679"]
[PlyCount "44"]
[EventDate "2017.07.22"]
[EventType "swiss"]
[EventRounds "9"]
[EventCountry "CZE"]
[SourceTitle "CBM 179 Extra"]
[Source "ChessBase"]
[SourceDate "2017.08.23"]
[SourceVersion "1"]
[SourceVersionDate "2017.08.23"]
[SourceQuality "1"]

1. e4 d5 2. exd5 Qxd5 3. Nf3 Nf6 4. d4 Bf5 5. c4 Qd8 6. Nc3 e6 7. Bd3 Bxd3 8. Qxd3 c5 9. d5 exd5 10. cxd5 Bd6 11. 0-0 0-0 12. Bg5 h6 13. Bh4 Nbd7 14. Rad1 Re8 15. Rfe1 Be7 16. Nb5 a6 17. d6 axb5 18. dxe7 Qb6 19. a3 c4 20. Qf5 b4 21. axb4 Qxb4 22. Qc2 b6 1-0

[Event "Bremen-ch op"]
[Site "Bremen"]
[Date "2016.03.20"]
[Round "3"]
[White "Bilau, Max"]
[Black "Hentrop, Malte"]
[Result "1/2-1/2"]
[WhiteElo "1511"]
[BlackElo "1847"]
[PlyCount "59"]
[EventDate "2016.03.19"]
[EventType "swiss"]
[EventRounds "9"]
[EventCountry "GER"]
[SourceTitle "EXT 2018"]
[Source "ChessBase"]
[SourceDate "2017.10.13"]
[SourceVersion "1"]
[SourceVersionDate "2017.10.13"]
[SourceQuality "1"]

1. d4 d5 2. Nf3 Nf6 3. Bg5 Nbd7 4. e3 e6 5. c4 c6 6. Nc3 Be7 7. Rc1 0-0 8. c5 Nh5 9. Bxe7 Qxe7 10. Be2 Nhf6 11. 0-0 e5 12. b4 Ne4 13. Nxe4 dxe4 14. Nxe5 Nxe5 15. dxe5 Qxe5 16. Qb3 Be6 17. Bc4 Bxc4 18. Qxc4 Rfd8 19. Rfd1 Qe7 20. Qc2 f5 21. Rxd8+ Rxd8 22. Rd1 Rd7 23. Qb3+ Kf8 24. Kf1 Qd8 25. Ke2 Rxd1 26. Qxd1 Qxd1+ 27. Kxd1 Ke7 28. Kd2 Ke6 29. Kc3 Kd5 30. a3 1/2-1/2

[Event "Niedersachsen-ch op-B"]
[Site "Verden"]
[Date "2016.01.05"]
[Round "6"]
[White "Schneider, Waldemar"]
[Black "Bilau, Max"]
[Result "1/2-1/2"]
[WhiteElo "1777"]
[BlackElo "1465"]
[PlyCount "98"]
[EventDate "2016.01.03"]
[EventType "swiss"]
[EventRounds "7"]
[EventCountry "GER"]
[SourceTitle "EXT 2018"]
[Source "ChessBase"]
[SourceDate "2017.10.13"]
[SourceVersion "1"]
[SourceVersionDate "2017.10.13"]
[SourceQuality "1"]

1. d4 d5 2. c4 e6 3. Nf3 c6 4. e3 Nf6 5. Nc3 Bb4 6. a3 Ba5 7. b4 Bc7 8. c5 Nbd7 9. Bd3 0-0 10. 0-0 e5 11. Bf5 e4 12. Ne1 Re8 13. Ne2 Nf8 14. Bxc8 Rxc8 15. Bd2 Ng6 16. g3 Nd7 17. Ng2 h5 18. h4 Nf6 19. Nef4 Nxf4 20. Nxf4 g6 21. Qe2 Qd7 22. Kg2 Re7 23. a4 a6 24. Rfb1 Bxf4 25. exf4 Rce8 26. Be3 Ng4 27. b5 axb5 28. axb5 cxb5 29. Rxb5 Rc8 30. Ra7 Rc7 31. Rb6 Qc8 32. Qa2 Nxe3+ 33. fxe3 Qg4 34. Qf2 Kg7 35. Rd6 Red7 36. Rxd7 Qxd7 37. Qe2 b6 38. cxb6 Rxa7 39. bxa7 Qxa7 40. Qb5 Qa2+ 41. Kh3 Qa1 42. Kg2 Qa2+ 43. Kf1 Qh2 44. Qxd5 Qh3+ 45. Ke2 Qg2+ 46. Kd1 Qg1+ 47. Ke2 Qg2+ 48. Kd1 Qf1+ 49. Kc2 Qe2+ 1/2-1/2

[Event "Niedersachsen-ch op-B"]
[Site "Verden"]
[Date "2016.01.03"]
[Round "1"]
[White "Bilau, Max"]
[Black "Nordhorn, Horst"]
[Result "0-1"]
[WhiteElo "1465"]
[BlackElo "1772"]
[PlyCount "94"]
[EventDate "2016.01.03"]
[EventType "swiss"]
[EventRounds "7"]
[EventCountry "GER"]
[SourceTitle "EXT 2018"]
[Source "ChessBase"]
[SourceDate "2017.10.13"]
[SourceVersion "1"]
[SourceVersionDate "2017.10.13"]
[SourceQuality "1"]

1. d4 f5 2. Nc3 Nf6 3. Bg5 e6 4. e3 Be7 5. Bd3 d5 6. Nf3 0-0 7. Qe2 a6 8. h4 b5 9. Ne5 Qe8 10. g4 b4 11. Nd1 Ne4 12. Bxe7 Qxe7 13. Rh3 c5 14. f4 c4 15. Bxe4 fxe4 16. g5 Nd7 17. Nxd7 Bxd7 18. Rg3 a5 19. h5 a4 20. h6 g6 21. Qd2 Rfb8 22. Kf1 b3 23. cxb3 cxb3 24. a3 Rc8 25. Rc1 Rxc1 26. Qxc1 Rc8 27. Nc3 Bb5+ 28. Kg1 Bd3 29. Qe1 Rc4 30. Qd2 Qc7 31. Rg2 Rxc3 32. Qxc3 Qxc3 33. bxc3 Bc2 34. Kf2 b2 35. Rg1 b1Q 36. Rxb1 Bxb1 37. Ke2 Bd3+ 38. Kd2 Bc4 39. Kc1 Kf8 40. Kb2 Ke7 41. Kc1 Kd6 42. Kb2 Kc6 43. Kc1 Kb5 44. Kb2 Be2 45. Kc1 Kc4 46. Kc2 Bf1 47. Kb2 Kd3 0-1

[Event "Prague Summer op-B 2nd"]
[Site "Prague"]
[Date "2015.08.09"]
[Round "4"]
[White "Bilau, Max"]
[Black "Lhotska, Anna"]
[Result "0-1"]
[WhiteElo "1640"]
[BlackElo "1393"]
[PlyCount "68"]
[EventDate "2015.08.07"]
[EventType "swiss"]
[EventRounds "9"]
[EventCountry "CZE"]
[SourceTitle "EXT 2017"]
[Source "ChessBase"]
[SourceDate "2016.10.25"]
[SourceVersion "1"]
[SourceVersionDate "2016.10.25"]
[SourceQuality "1"]

1. d4 Nf6 2. Nf3 g6 3. Bg5 Bg7 4. Nc3 0-0 5. Qd2 d6 6. 0-0-0 Nbd7 7. e4 Qe8 8. Bh6 e5 9. d5 Nc5 10. Bxg7 Kxg7 11. Bd3 a6 12. h3 b5 13. a3 Rb8 14. b4 Nb7 15. g4 Bd7 16. Rdg1 a5 17. bxa5 Nxa5 18. Nxb5 Bxb5 19. Qxa5 Bxd3 20. cxd3 c6 21. Kd1 cxd5 22. g5 Nh5 23. Nd2 dxe4 24. dxe4 Qc6 25. f3 Rfc8 26. Ke2 Rb2 27. Ke3 Qc2 28. Rc1 Rb3+ 29. Nxb3 Qxb3+ 30. Ke2 Nf4+ 31. Kf2 Rxc1 32. Qd8 Qb2+ 33. Kg3 Nh5+ 34. Kh4 Qf2+ 0-1

[Event "Prague Summer op-B 2nd"]
[Site "Prague"]
[Date "2015.08.07"]
[Round "1"]
[White "Carlile, Orison"]
[Black "Bilau, Max"]
[Result "1-0"]
[WhiteElo "2054"]
[BlackElo "1640"]
[PlyCount "119"]
[EventDate "2015.08.07"]
[EventType "swiss"]
[EventRounds "9"]
[EventCountry "CZE"]
[SourceTitle "EXT 2017"]
[Source "ChessBase"]
[SourceDate "2016.10.25"]
[SourceVersion "1"]
[SourceVersionDate "2016.10.25"]
[SourceQuality "1"]

1. e4 d5 2. exd5 Qxd5 3. Nf3 Nf6 4. d4 Bg4 5. Be2 Nc6 6. h3 Bh5 7. 0-0 e6 8. Re1 Bb4 9. c3 Be7 10. Be3 Bg6 11. Nbd2 0-0 12. Bc4 Qd7 13. Bb5 Qd5 14. c4 Qf5 15. Nh4 Qh5 16. Qxh5 Bxh5 17. Nhf3 Nb4 18. Rec1 c6 19. Ba4 Nd3 20. Rc2 h6 21. Ne5 Nxe5 22. dxe5 Nd7 23. f4 Nc5 24. Bb3 Nxb3 25. axb3 Bg6 26. Rcc1 b6 27. Ra6 Bb4 28. Rca1 Rfd8 29. Nf3 c5 30. Rxa7 Rxa7 31. Rxa7 Rd3 32. Bf2 Rxb3 33. Rb7 Be4 34. Rxb6 Bxf3 35. gxf3 Rxf3 36. Rc6 Rxf4 37. b3 Rf3 38. Rc8+ Kh7 39. Bxc5 Bxc5+ 40. Rxc5 Rxb3 41. Kg2 Kg6 42. h4 Re3 43. Kf2 Rh3 44. Ke2 Rxh4 45. Kd3 f6 46. exf6 Kxf6 47. Rc7 g5 48. c5 e5 49. c6 Rd4+ 50. Kc3 Rd8 51. Kc4 Ke6 52. Rh7 Kd6 53. Rxh6+ Kc7 54. Kc5 Rg8 55. Rh7+ Kc8 56. Kb6 g4 57. Ra7 Kd8 58. Ra8+ Ke7 59. Rxg8 Kf6 60. Rxg4 1-0

[Event "GER-ch U25 op-B"]
[Site "Willingen"]
[Date "2015.05.26"]
[Round "4"]
[White "Bilau, Max"]
[Black "Schulze, Lukas"]
[Result "1-0"]
[WhiteElo "1484"]
[BlackElo "1281"]
[PlyCount "149"]
[EventDate "2015.05.24"]
[EventType "swiss"]
[EventRounds "9"]
[EventCountry "GER"]
[SourceTitle "CBM 166 Extra"]
[Source "ChessBase"]
[SourceDate "2015.06.18"]
[SourceVersion "1"]
[SourceVersionDate "2015.06.18"]
[SourceQuality "1"]

1. d4 d5 2. Bf4 c5 3. e3 Nc6 4. Nf3 Bg4 5. c3 Nf6 6. h3 Bxf3 7. Qxf3 e6 8. Bg5 cxd4 9. Bxf6 Qxf6 10. Qxf6 gxf6 11. exd4 e5 12. dxe5 fxe5 13. Nd2 Rg8 14. 0-0-0 Rc8 15. Kb1 Bc5 16. f3 d4 17. cxd4 Bxd4 18. Ne4 Rg6 19. g4 Rd8 20. h4 Be3 21. Bb5 a6 22. h5 Rxd1+ 23. Rxd1 Rh6 24. g5 Rxh5 25. Nf6+ Kf8 26. Bxc6 Rh3 27. Bxb7 Bxg5 28. Nd7+ Ke8 29. Nxe5 Bf6 30. Ng4 Bg7 31. Rf1 h5 32. Ne3 Rh2 33. Nc4 Rh4 34. b3 Rf4 35. Bxa6 Rf6 36. Bb7 h4 37. Rh1 Rh6 38. Bc8 Rh5 39. Bg4 Rh6 40. Ne3 Bf6 41. a4 Bc3 42. Nf5 Rh8 43. Rxh4 Rxh4 44. Nxh4 Ke7 45. Kc2 Ba5 46. Kd3 Kd6 47. Kc4 Kc6 48. b4 Bb6 49. a5 Ba7 50. Nf5 Kc7 51. Nd4 Kb7 52. Nf5 Kc7 53. b5 Kb7 54. Nd6+ Kb8 55. b6 Bxb6 56. axb6 f5 57. Nxf5 Kb7 58. Kd5 Kb8 59. Ke6 Kb7 60. Nh4 Kxb6 61. f4 Kc7 62. Ke7 Kc6 63. f5 Kb7 64. f6 Ka8 65. f7 Kb7 66. f8Q Kc6 67. Qd8 Kc5 68. Qd7 Kc4 69. Qd6 Kc3 70. Qd5 Kc2 71. Qd4 Kc1 72. Qd3 Kb2 73. Qc4 Ka1 74. Qb5 Ka2 75. Kd6 1-0

[Event "GER-ch U25 op-B"]
[Site "Willingen"]
[Date "2015.05.26"]
[Round "5"]
[White "Feil, Alexander"]
[Black "Bilau, Max"]
[Result "0-1"]
[WhiteElo "1276"]
[BlackElo "1484"]
[PlyCount "70"]
[EventDate "2015.05.24"]
[EventType "swiss"]
[EventRounds "9"]
[EventCountry "GER"]
[SourceTitle "CBM 166 Extra"]
[Source "ChessBase"]
[SourceDate "2015.06.18"]
[SourceVersion "1"]
[SourceVersionDate "2015.06.18"]
[SourceQuality "1"]

1. e4 d5 2. exd5 Qxd5 3. Nc3 Qa5 4. d4 Nf6 5. Nf3 Nc6 6. Bb5 Bd7 7. 0-0 0-0-0 8. h3 h6 9. Re1 g5 10. Nh2 a6 11. Bc4 Be8 12. d5 Nb4 13. Be3 Nbxd5 14. Nxd5 Nxd5 15. Qf3 Nxe3 16. Qxe3 Kb8 17. a3 e6 18. b4 Qf5 19. c3 Bg7 20. Rac1 Bc6 21. f3 Rd6 22. g4 Qf6 23. Kg2 Rhd8 24. Nf1 Bd5 25. Be2 Qe7 26. Ng3 Bc6 27. Nf5 Qf8 28. Nxd6 cxd6 29. Red1 Kc7 30. Rd2 e5 31. Bf1 f5 32. Kg3 f4+ 33. Kg2 fxe3 34. Re2 Bxf3+ 35. Kg3 Qf4# 0-1